| 000 | 00437pab a2200157 454500 | ||
|---|---|---|---|
| 008 | 180718b2005 xxu||||| |||| 00| 0 eng d | ||
| 100 | _aRawat, Smita | ||
| 245 | _aMaking dead data speak: passenger profile management of the Indian railways | ||
| 260 | _c2005 | ||
| 300 | _ap.137-52. | ||
| 362 | _aJul-Dec | ||
| 650 | _aRailways - India | ||
| 650 | _aRailways | ||
| 773 | _aJournal of Institute of Public Enterprise | ||
| 909 | _a69866 | ||
| 999 |
_c69866 _d69866 |
||